| 000 | 00354nam a2200133Ia 4500 | ||
|---|---|---|---|
| 008 | 231017s9999 xx 000 0 und d | ||
| 082 | _a625.85 | ||
| 082 | _bLIT | ||
| 245 | 0 | _aNCHRP Web-Only Document 104: Using Surface Energy Measurements to Select Materials for Asphalt Pavement | |
| 245 | 0 | _cTRB | |
| 260 | _bTRB | ||
| 300 | _c30cm | ||
| 942 | _cREP | ||
| 999 |
_c604787 _d604787 |
||